000 00680cab a2200217 4500
001 WB3017-17
008 090401t1994 xxu||||| |||| 00| 0 eng d
035 _a(Sirsi) u41779
041 _aeng
245 _aWelcome to the stone age
260 _c1994
350 _a0
490 _aHerald
_v4 May 1994, supp1(2)
520 _aReports on Glasgow`s City of Stone scheme designed to encourage the use of natural stone in residential developments. It offers direct grant assistance to meet the extra cost of using stone in construction.
650 _aCITY OF STONE
650 _aGLASGOW
650 _aGRANTS
690 _aCONSERVATION
942 _n0
948 _c04/03/1997
999 _c26820
_d26820